| 000 | 01244nam a2200361 i 4500 | ||
|---|---|---|---|
| 001 | 000006879 | ||
| 003 | DO-SdBNP | ||
| 005 | 20260407084132.0 | ||
| 007 | ta | ||
| 008 | 090903s2003 dr a 000 0 spa d | ||
| 040 |
_aDO-SdBNP _bspa _cBNPHU _erda |
||
| 041 | _aspa | ||
| 082 | 4 |
_a401.4 _bC962in _222 |
|
| 100 | 1 |
_aCuba, Darío, _919090 _4aut. _eautor |
|
| 245 | 1 | 0 |
_aIntroducción a la imagen verbal / _cDarío Cuba ; prólogo, Manuel Núñez. |
| 250 | _asegunda edición Ampliada | ||
| 264 | 1 |
_aSanto Domingo : _beditor no identificado, _c2003. |
|
| 300 |
_axvi, 144 páginas : _bilustración ; _c20 cm. |
||
| 336 |
_atexto _btxt _2rdacontent |
||
| 337 |
_asin mediación _bn _2rdamedia |
||
| 338 |
_avolumen _bnc _2rdacarrier |
||
| 500 | _aIncluye datos biográficos del autor en la contracubierta | ||
| 590 | _aInventariado, 2026/BT | ||
| 650 | 4 |
_aComunicación oral _912102 |
|
| 650 | 4 |
_aEspañol _xPronunciación _92218 |
|
| 650 | 4 |
_aArte de hablar en público _919091 |
|
| 650 | 4 |
_aComunicación visual _95190 |
|
| 650 | 4 |
_aArtes del lenguaje _919092 |
|
| 650 | 4 |
_aEspañol _xModísmos, vicios de dicción, etc. _919093 |
|
| 650 | 4 |
_aLectura _9408 |
|
| 700 | 1 |
_aNúñez, Manuel, _d1957- _eprologuista _92366 _4pr. |
|
| 942 |
_2ddc _cLBS1 |
||
| 999 |
_c6667 _d6667 |
||